The Coming Free : (Record no. 616169)

MARC details
000 -LEADER
fixed length control field 00467nam a2200181 a 4500
001 - CONTROL NUMBER
control field 1772278425866
003 - CONTROL NUMBER IDENTIFIER
control field YourLibrary
005 - DATE AND TIME OF LATEST TRANSACTION
control field 20260228174150.0
008 - FIXED-LENGTH DATA ELEMENTS--GENERAL INFORMATION
fixed length control field 260228s2005##################000#0#eng##
020 ## - INTERNATIONAL STANDARD BOOK NUMBER
International Standard Book Number 9.78141E+12
082 04 - DEWEY DECIMAL CLASSIFICATION NUMBER
Classification number 323.1196
Item number RUB
040 ## - CATALOGING SOURCE
Original cataloging agency YourLibrary
Language of cataloging eng
Transcribing agency YourLibrary
100 1# - MAIN ENTRY--PERSONAL NAME
Personal name Rubel, David,
Relator term author.
245 10 - TITLE STATEMENT
Title The Coming Free :
260 ## - PUBLICATION, DISTRIBUTION, ETC.
Date of publication, distribution, etc. 2005.
650 #0 - SUBJECT ADDED ENTRY--TOPICAL TERM
Topical term or geographic name entry element African American civil rights workers.
942 ## - ADDED ENTRY ELEMENTS (KOHA)
Koha item type English Books
Holdings
Withdrawn status Lost status Damaged status Not for loan Home library Current library Shelving location Date acquired Total Checkouts Full call number Barcode Date last seen Price effective from Koha item type
        Anna Centenary Library Anna Centenary Library 3RD FLOOR, B WING 28.02.2026   323.11960 RUB 481449 28.02.2026 28.02.2026 English Books

Find us on the map